The quest for unity in the New Testament church :A Study in Paul and Acts (Record no. 22502)
[ view plain ]
| 000 -LEADER | |
|---|---|
| fixed length control field | 00419cam a2200157 a 4500 |
| 020 ## - INTERNATIONAL STANDARD BOOK NUMBER | |
| ISBN | 0800619722 |
| 082 00 - DEWEY DECIMAL CLASSIFICATION NUMBER | |
| Classification number | 270.1 |
| Author Cutter | ACH |
| 100 1# - MAIN ENTRY--AUTHOR NAME | |
| Author name | Achtemeier, Paul J. |
| 245 14 - TITLE STATEMENT | |
| Title | The quest for unity in the New Testament church :A Study in Paul and Acts |
| 260 ## - PUBLICATION, DISTRIBUTION, ETC. (IMPRINT) | |
| Place of publication | Philadelphia, PA : |
| Name of publisher | Fortress Press, |
| Year of publication | c1987. |
| 300 ## - PHYSICAL DESCRIPTION | |
| Number of Pages | xii, 132 p. ; |
| 500 ## - GENERAL NOTE | |
| General note | Includes index. |
| 650 #0 - SUBJECT ADDED ENTRY--TOPICAL TERM | |
| Topical Term | Church |
| 942 ## - ADDED ENTRY ELEMENTS (KOHA) | |
| Koha item type | Books |
| Home library | Current library | Shelving location | Date acquired | Full call number | Accession Number | Koha item type |
|---|---|---|---|---|---|---|
| Henry Martyn Institute Library | Henry Martyn Institute Library | General stacks | 11/15/2018 | 270.1 ACH | 11003863 | Books |
